[Event "Mauricie op"]
[Site "Trois-Rivieres CAN"]
[Date "2009.03.21"]
[Round "3"]
[White "Lemire-Paquin, Alexandre"]
[Black "Caire, Francois"]
[Result "0-1"]
[WhiteElo "2082"]
[BlackElo "2229"]
[PlyCount "74"]
[GameId "2160767910223106"]
[EventDate "2009.03.20"]
[EventType "swiss"]
[EventRounds "5"]
[EventCountry "CAN"]
[SourceTitle "hb 2009.04"]

1. Nf3 Nf6 2. c4 e6 3. g3 b6 4. Bg2 Bb7 5. O-O Be7 6. Nc3 O-O 7. Re1 d5 8. cxd5 exd5 9. d4 Na6 10. Bf4 c6 11. Rb1 Re8 12. a3 Nc7 13. b4 Ne6 14. Qb3 Ba6 15. Qb2 Nxf4 16. gxf4 c5 17. b5 Bb7 18. e3 Ne4 19. Red1 Bf6 20. Nxe4 dxe4 21. Ne5 Qe7 22. dxc5 bxc5 23. Rd7 Qxd7 24. Nxd7 Bxb2 25. Rxb2 Rac8 26. Rc2 c4 27. Rc3 Red8 28. Bh3 Rc7 29. b6 Rcxd7 30. Bxd7 Rxd7 31. bxa7 Rc7 32. Rc1 c3 33. Rb1 Rc8 34. Kg2 c2 35. Rc1 Bd5 36. a4 Bb3 37. Ra1 Ra8 0-1

[Event "Mauricie op"]
[Site "Trois-Rivieres CAN"]
[Date "2009.03.21"]
[Round "3"]
[White "Panayotov, Ivo"]
[Black "Beaudoin, Stephane"]
[Result "1-0"]
[WhiteElo "1975"]
[BlackElo "2207"]
[PlyCount "81"]
[GameId "2160767910223108"]
[EventDate "2009.03.20"]
[EventType "swiss"]
[EventRounds "5"]
[EventCountry "CAN"]
[SourceTitle "hb 2009.04"]

1. e4 g6 2. d4 Bg7 3. Nf3 d6 4. Bc4 Nf6 5. Nc3 O-O 6. O-O Bg4 7. h3 Bxf3 8. Qxf3 Nc6 9. Ne2 e5 10. d5 Ne7 11. Bd3 Nd7 12. g4 Nc5 13. Ng3 Qd7 14. b4 Nxd3 15. Qxd3 Kh8 16. f3 f5 17. Bg5 h6 18. Bxe7 Qxe7 19. Rae1 Qh4 20. Kg2 Bf6 21. exf5 gxf5 22. Nxf5 Qg5 23. Qe3 Qxe3 24. Rxe3 Bg5 25. Rc3 Rf7 26. Rc4 b5 27. Rc3 a5 28. Ra3 Rg8 29. Rxa5 Bf4 30. Ng3 Rb8 31. Re1 Bd2 32. Rb1 Be3 33. Rb3 Bf4 34. Ne4 h5 35. Ra7 hxg4 36. fxg4 Bc1 37. Nxd6 Rd7 38. Ne4 Rxd5 39. Rxc7 Rd4 40. Nf6 Rd2+ 41. Kg3 1-0

[Event "Mauricie op"]
[Site "Trois-Rivieres CAN"]
[Date "2009.03.21"]
[Round "3"]
[White "Robichaud, Louis"]
[Black "Masse, Hugues"]
[Result "0-1"]
[WhiteElo "2091"]
[BlackElo "2311"]
[PlyCount "92"]
[GameId "2160767910223109"]
[EventDate "2009.03.20"]
[EventType "swiss"]
[EventRounds "5"]
[EventCountry "CAN"]
[SourceTitle "hb 2009.04"]

1. e4 e6 2. d3 d5 3. Nd2 Nf6 4. Ngf3 Bc5 5. e5 Nfd7 6. g3 O-O 7. Bg2 Bb6 8. O-O c5 9. Re1 Nc6 10. c3 a5 11. Nf1 f6 12. exf6 Qxf6 13. Qe2 Re8 14. Ng5 h6 15. Qh5 Rf8 16. Rxe6 Qxf2+ 17. Kh1 Nf6 18. Rxf6 Qxf6 19. Bxd5+ Kh8 20. Bf4 Bf5 21. Nf7+ Rxf7 22. Qxf7 Qxf7 23. Bxf7 Bxd3 24. Nd2 Rd8 25. h4 Rd7 26. Be6 Rd8 27. Bc4 Bf5 28. Nf3 Be4 29. Rf1 Rf8 30. h5 Bxf3+ 31. Rxf3 Ne5 32. Bxe5 Rxf3 33. Kg2 Rf8 34. g4 Re8 35. Bg3 Re4 36. Bd5 Re2+ 37. Kf3 Rxb2 38. Be5 Bd8 39. Ke4 Bf6 40. Bxf6 gxf6 41. a4 Kg7 42. Be6 b5 43. axb5 Rxb5 44. Bc4 Rb2 45. Kd5 a4 46. Kxc5 a3 0-1

[Event "Mauricie op"]
[Site "Trois-Rivieres CAN"]
[Date "2009.03.21"]
[Round "3"]
[White "Sambuev, Bator"]
[Black "Voloaca, Mihnea"]
[Result "1-0"]
[WhiteElo "2495"]
[BlackElo "2346"]
[PlyCount "81"]
[GameId "2160767910223110"]
[EventDate "2009.03.20"]
[EventType "swiss"]
[EventRounds "5"]
[EventCountry "CAN"]
[SourceTitle "EXT 2011"]
[Source "ChessBase"]
[SourceDate "2011.11.26"]
[SourceVersion "1"]
[SourceVersionDate "2011.11.26"]
[SourceQuality "1"]

1. Nf3 d5 2. c4 e6 3. d4 c6 4. Qc2 Nd7 5. g3 Ngf6 6. Bg2 Be7 7. O-O O-O 8. b3 b6 9. Bb2 Ba6 10. Nbd2 c5 11. dxc5 bxc5 12. e3 Rc8 13. Rfd1 Qc7 14. Rac1 Rfd8 15. Qb1 Bb7 16. Qa1 a5 17. cxd5 exd5 18. Nd4 Qb6 19. Nf5 Bf8 20. Nf3 Re8 21. Ne5 g6 22. Nxd7 Nxd7 23. Nh4 Qe6 24. Nf3 h6 25. Ne1 a4 26. Nd3 g5 27. Qb1 axb3 28. axb3 Rb8 29. Ba1 Rec8 30. Qb2 f6 31. Qc2 Ba8 32. Ne1 Rd8 33. Qg6+ Bg7 34. Nd3 Rbc8 35. h4 Nf8 36. Qh5 c4 37. hxg5 cxd3 38. Rxc8 Rxc8 39. gxh6 Bh8 40. Bh3 Qe4 41. Bxc8 1-0

[Event "Mauricie op"]
[Site "Trois-Rivieres CAN"]
[Date "2009.03.21"]
[Round "3"]
[White "Trinh, Tri Bao"]
[Black "Rainfray, Arnaud"]
[Result "0-1"]
[WhiteElo "2066"]
[BlackElo "2393"]
[PlyCount "56"]
[GameId "2160767910223111"]
[EventDate "2009.03.20"]
[EventType "swiss"]
[EventRounds "5"]
[EventCountry "CAN"]
[SourceTitle "EXT 2011"]
[Source "ChessBase"]
[SourceDate "2011.11.26"]
[SourceVersion "1"]
[SourceVersionDate "2011.11.26"]
[SourceQuality "1"]

1. c4 e6 2. Nf3 d5 3. b3 Nf6 4. Bb2 c5 5. cxd5 exd5 6. d4 cxd4 7. Nxd4 Bb4+ 8. Bc3 Bc5 9. e3 O-O 10. Nd2 Nc6 11. Nxc6 bxc6 12. Be2 Qe7 13. O-O Bf5 14. Bb2 Ba3 15. Qc1 Bxb2 16. Qxb2 c5 17. Bf3 Rfd8 18. Rac1 Ng4 19. Qa3 Rac8 20. Qa4 Ne5 21. Be2 d4 22. exd4 Rxd4 23. Nc4 Ng6 24. Rfe1 Re4 25. Qa5 Nh4 26. Ne3 Rxe3 27. fxe3 Qxe3+ 28. Kh1 Nxg2 0-1

[Event "Mauricie op"]
[Site "Trois-Rivieres CAN"]
[Date "2009.03.22"]
[Round "4"]
[White "Abran, David"]
[Black "Bolduc, Steve"]
[Result "0-1"]
[WhiteElo "1737"]
[BlackElo "2314"]
[PlyCount "54"]
[GameId "2160767910223112"]
[EventDate "2009.03.20"]
[EventType "swiss"]
[EventRounds "5"]
[EventCountry "CAN"]

1. d4 d5 2. c4 dxc4 3. e3 Nf6 4. Bxc4 e6 5. Nf3 c5 6. Qe2 a6 7. a4 Nc6 8. O-O Qc7 9. Rd1 Be7 10. Nc3 O-O 11. e4 cxd4 12. Nxd4 Bd7 13. Nxc6 Bxc6 14. e5 Nd7 15. Bf4 Rad8 16. Bd3 Nc5 17. Bc2 Qb6 18. Be3 g6 19. Ne4 Qb4 20. Bxc5 Bxc5 21. Nf6+ Kg7 22. Ra3 Rxd1+ 23. Bxd1 Rd8 24. Rh3 Rd2 25. Rxh7+ Kf8 26. Qg4 Qxg4 27. Bxg4 Rxf2 0-1

[Event "Mauricie op"]
[Site "Trois-Rivieres CAN"]
[Date "2009.03.22"]
[Round "4"]
[White "Anastasovski, Nikola"]
[Black "Jiang, Louie"]
[Result "1-0"]
[WhiteElo "2091"]
[BlackElo "2185"]
[PlyCount "85"]
[GameId "2160767910223113"]
[EventDate "2009.03.20"]
[EventType "swiss"]
[EventRounds "5"]
[EventCountry "CAN"]
[SourceTitle "hb 2009.04"]

1. e4 c5 2. c4 Nc6 3. Nc3 g6 4. g3 Bg7 5. Bg2 d6 6. d3 e6 7. Be3 Nge7 8. Nge2 Nd4 9. Qd2 Nec6 10. h3 a6 11. f4 Bd7 12. O-O Qa5 13. Rae1 O-O-O 14. Kh1 f5 15. Ng1 Kb8 16. h4 h6 17. Nh3 Rde8 18. Qf2 Nd8 19. a3 Bc6 20. Nb1 Nb3 21. Qc2 Qb6 22. Re2 Nd4 23. Bxd4 Bxd4 24. Nc3 Nf7 25. Rb1 a5 26. b4 axb4 27. axb4 cxb4 28. Na2 b3 29. Rxb3 Ba4 30. Rxb6 Bxc2 31. Rb4 Bd1 32. exf5 Bxe2 33. Rxb7+ Kc8 34. Rxf7 Bc5 35. d4 Bxc4 36. dxc5 Bxa2 37. cxd6 Ref8 38. Rc7+ Kd8 39. fxg6 Rhg8 40. g7 Re8 41. Ra7 Bd5 42. Nf2 h5 43. Ne4 1-0

[Event "Mauricie op"]
[Site "Trois-Rivieres CAN"]
[Date "2009.03.22"]
[Round "4"]
[White "Beaudoin, Stephane"]
[Black "Wilkin, Alain"]
[Result "1/2-1/2"]
[WhiteElo "2207"]
[BlackElo "1965"]
[PlyCount "81"]
[GameId "2160767910223114"]
[EventDate "2009.03.20"]
[EventType "swiss"]
[EventRounds "5"]
[EventCountry "CAN"]
[SourceTitle "hb 2009.04"]

1. e4 c5 2. Nf3 e6 3. d4 cxd4 4. Nxd4 a6 5. Bd3 Nc6 6. Nxc6 bxc6 7. O-O d6 8. Kh1 Nf6 9. f4 Qc7 10. Nc3 e5 11. fxe5 dxe5 12. Bg5 Be7 13. Qe1 Be6 14. Qe2 a5 15. Bc4 Bxc4 16. Qxc4 Rc8 17. Nd1 O-O 18. Ne3 Ng4 19. Nxg4 Bxg5 20. Rf5 Bf4 21. g3 g6 22. Nf6+ Kg7 23. Rxf4 exf4 24. Qc3 Kh6 25. gxf4 Qxf4 26. Rg1 g5 27. Ng4+ Kg6 28. Ne5+ Kh6 29. Ng4+ Kg6 30. Ne5+ Kh6 31. Qh3+ Kg7 32. Nf3 h6 33. e5 Rcd8 34. Qh5 Qe4 35. h4 f6 36. exf6+ Rxf6 37. Rg3 Rdf8 38. hxg5 hxg5 39. Rxg5+ Rg6 40. Rxg6+ Qxg6 41. Qxg6+ 1/2-1/2

[Event "Mauricie op"]
[Site "Trois-Rivieres CAN"]
[Date "2009.03.22"]
[Round "4"]
[White "Caire, Francois"]
[Black "Xiong, Jerry"]
[Result "1/2-1/2"]
[WhiteElo "2229"]
[BlackElo "2046"]
[PlyCount "140"]
[GameId "2160767910223115"]
[EventDate "2009.03.20"]
[EventType "swiss"]
[EventRounds "5"]
[EventCountry "CAN"]
[SourceTitle "hb 2009.04"]

1. d4 d5 2. Nf3 Nf6 3. e3 g6 4. c4 c6 5. Nc3 Bg7 6. Be2 O-O 7. O-O Qc7 8. cxd5 cxd5 9. Qb3 e6 10. Bd2 Bd7 11. Rac1 Qb6 12. Qxb6 axb6 13. Ne5 Nc6 14. Nxd7 Nxd7 15. Bb5 Rfc8 16. Na4 Bf6 17. Rc2 e5 18. dxe5 Bxe5 19. b3 Bd6 20. Bc1 Ra5 21. Be2 Raa8 22. Bb5 Ra5 23. Be2 Raa8 24. Rd1 Ne7 25. Rxc8+ Rxc8 26. Bb5 Ne5 27. f4 Ng4 28. Bd7 Rxc1 29. Rxc1 Nxe3 30. g3 d4 31. Bb5 N7d5 32. Rc8+ Kg7 33. Bc4 Nc3 34. Nxb6 Nxa2 35. Kf2 Nb4 36. Ke2 Ng4 37. h3 Nf6 38. Kf3 d3 39. Ke3 Nh5 40. Bxd3 Nxg3 41. Nc4 Be7 42. Kf3 Nxd3 43. Kxg3 b5 44. Ne3 b4 45. Nd5 Bf8 46. Rc4 h6 47. Kf3 g5 48. Ke3 Nxf4 49. Nxf4 gxf4+ 50. Kxf4 Kg6 51. Rc6+ f6 52. Rb6 h5 53. Rb5 Bh6+ 54. Ke4 Bd2 55. Rf5 Bc3 56. Rf1 Kg5 57. Rf4 Be1 58. Rf1 Bc3 59. Kf3 Bd4 60. Rd1 Bc3 61. Rd5+ Kg6 62. Ke4 Be1 63. Ra5 Bc3 64. Rb5 Be1 65. Kf3 Bd2 66. Rb7 Kg5 67. Rb5+ Kh4 68. Kg2 Bc3 69. Rf5 Be5 70. Kf3 Bc3 1/2-1/2

[Event "Mauricie op"]
[Site "Trois-Rivieres CAN"]
[Date "2009.03.22"]
[Round "4"]
[White "Gaulin, Gaetan"]
[Black "Larochelle, Martial"]
[Result "1/2-1/2"]
[WhiteElo "1988"]
[BlackElo "2200"]
[PlyCount "109"]
[GameId "2160767910223116"]
[EventDate "2009.03.20"]
[EventType "swiss"]
[EventRounds "5"]
[EventCountry "CAN"]
[SourceTitle "hb 2009.04"]

1. d4 Nf6 2. c4 g6 3. Nc3 d5 4. cxd5 Nxd5 5. e4 Nxc3 6. bxc3 Bg7 7. Bc4 c5 8. Ne2 O-O 9. O-O Nc6 10. Be3 Bg4 11. f3 Na5 12. Bd3 cxd4 13. cxd4 Be6 14. Qa4 a6 15. Rfc1 b5 16. Qb4 Bc4 17. Qd2 Rc8 18. Rc2 e6 19. Rac1 Qd7 20. Qxa5 Bxd3 21. Rxc8 Rxc8 22. Rxc8+ Qxc8 23. Nc3 h5 24. e5 Qc4 25. Ne4 Bxe4 26. fxe4 Qd3 27. Kf2 Qxe4 28. Qxa6 Qd5 29. h3 Bf8 30. Qa5 Be7 31. Qd2 Bh4+ 32. Kg1 Bg3 33. Qc2 Kg7 34. Kf1 Qa8 35. Bf2 Bf4 36. Kg1 Qa3 37. Kf1 b4 38. Ke2 Qa6+ 39. Ke1 Bg5 40. Bg3 Qb7 41. Kf1 Qd5 42. Bf2 Be7 43. Kg1 Qa5 44. Kf1 Qa6+ 45. Kg1 Qb7 46. Kf1 Qd5 47. Kg1 Bd8 48. Qc5 Qxa2 49. Qxb4 Qa1+ 50. Kh2 Bg5 51. Qb3 Qc1 52. Qf3 h4 53. g3 hxg3+ 54. Kxg3 Be7 55. Be3 1/2-1/2

[Event "Mauricie op"]
[Site "Trois-Rivieres CAN"]
[Date "2009.03.22"]
[Round "4"]
[White "Hamilton, Robert"]
[Black "Trinh, Tri Bao"]
[Result "1-0"]
[WhiteElo "2349"]
[BlackElo "2066"]
[PlyCount "65"]
[GameId "2160767910223118"]
[EventDate "2009.03.20"]
[EventType "swiss"]
[EventRounds "5"]
[EventCountry "CAN"]
[SourceTitle "hb 2009.04"]

1. d4 Nf6 2. c4 e6 3. Nf3 Bb4+ 4. Bd2 Qe7 5. g3 Nc6 6. Bg2 Bxd2+ 7. Nbxd2 d6 8. O-O O-O 9. e4 e5 10. d5 Nb8 11. Ne1 Nbd7 12. b4 a5 13. a3 c6 14. Nd3 cxd5 15. cxd5 b6 16. Qb3 Ba6 17. b5 Bb7 18. a4 Rfc8 19. Rac1 Rxc1 20. Rxc1 Rc8 21. Rxc8+ Bxc8 22. Qc3 Qd8 23. f4 exf4 24. gxf4 Bb7 25. Nc4 Qc7 26. Qd4 Ne8 27. e5 Kf8 28. h3 h6 29. Nf2 f6 30. Nd3 fxe5 31. fxe5 Nxe5 32. Ndxe5 dxe5 33. d6 1-0

[Event "Mauricie op"]
[Site "Trois-Rivieres CAN"]
[Date "2009.03.22"]
[Round "4"]
[White "Luksza, Arkadiusz"]
[Black "Marinkovic, Mate"]
[Result "1-0"]
[WhiteElo "2188"]
[BlackElo "2117"]
[PlyCount "41"]
[GameId "2160767910223121"]
[EventDate "2009.03.20"]
[EventType "swiss"]
[EventRounds "5"]
[EventCountry "CAN"]
[SourceTitle "hb 2009.04"]

1. Nf3 Nf6 2. d4 d5 3. g3 e6 4. Bg2 c5 5. O-O Nc6 6. c4 dxc4 7. Ne5 Nxe5 8. dxe5 Qxd1 9. Rxd1 Nd5 10. Na3 c3 11. e4 Nc7 12. Nc4 Nb5 13. bxc3 Bd7 14. Rd3 Nc7 15. a4 O-O-O 16. Bg5 Re8 17. Rad1 Be7 18. Rxd7 Bxg5 19. Rxf7 Re7 20. f4 Ne8 21. Bh3 1-0

[Event "Mauricie op"]
[Site "Trois-Rivieres CAN"]
[Date "2009.03.22"]
[Round "4"]
[White "Masse, Hugues"]
[Black "Mai, Lloyd"]
[Result "0-1"]
[WhiteElo "2311"]
[BlackElo "2115"]
[PlyCount "74"]
[GameId "2160767910223122"]
[EventDate "2009.03.20"]
[EventType "swiss"]
[EventRounds "5"]
[EventCountry "CAN"]
[SourceTitle "hb 2009.04"]

1. d4 Nf6 2. c4 g6 3. Nc3 Bg7 4. e4 d6 5. Nf3 O-O 6. Be2 e5 7. Be3 Nc6 8. d5 Ne7 9. Nd2 Nd7 10. O-O f5 11. f3 f4 12. Bf2 g5 13. b4 Nf6 14. c5 Ng6 15. Nc4 b6 16. a4 Rf7 17. cxd6 cxd6 18. a5 Rb8 19. Nb5 Bf8 20. Nxa7 Rxa7 21. Bxb6 Qd7 22. b5 Raa8 23. Bf2 Qxb5 24. Nb6 Qe8 25. Nxa8 Rxa8 26. a6 g4 27. a7 g3 28. hxg3 fxg3 29. Bxg3 Nh5 30. Bh2 Qe7 31. Qc2 Bh6 32. Rfb1 Be3+ 33. Kf1 Qh4 34. Ba6 Qxh2 35. Ke2 Qxg2+ 36. Kd1 Qg1+ 37. Ke2 Ngf4# 0-1

[Event "Mauricie op"]
[Site "Trois-Rivieres CAN"]
[Date "2009.03.22"]
[Round "4"]
[White "Pepin, Christian"]
[Black "Robichaud, Louis"]
[Result "1-0"]
[WhiteElo "2091"]
[BlackElo "1957"]
[PlyCount "59"]
[GameId "2160767740617008"]
[EventDate "2009.03.20"]
[EventType "swiss"]
[EventRounds "5"]
[EventCountry "CAN"]
[TimeControl "300"]

1. e4 e5 2. Nf3 Nc6 3. Bb5 a6 4. Ba4 Nf6 5. O-O Nxe4 6. Re1 Nc5 7. Nxe5 Be7 8. Nc3 O-O 9. Bxc6 dxc6 10. d4 Ne6 11. d5 cxd5 12. Nxd5 Bc5 13. Be3 Bxe3 14. Nxe3 f6 15. Nd3 Ng5 16. h4 Nf7 17. Qf3 c6 18. Rad1 Qc7 19. Rd2 Be6 20. Nc5 Rae8 21. Red1 Ne5 22. Qg3 Bc8 23. Rd7 Bxd7 24. Rxd7 Qxd7 25. Nxd7 Nxd7 26. Nf5 Re1+ 27. Kh2 g6 28. h5 Ne5 29. f4 Rf1 30. Ne3 1-0

[Event "Mauricie op"]
[Site "Trois-Rivieres CAN"]
[Date "2009.03.22"]
[Round "4"]
[White "Prahov, Valentin"]
[Black "Chartrand, Jean Bruno"]
[Result "1-0"]
[WhiteElo "2220"]
[BlackElo "2004"]
[PlyCount "89"]
[GameId "2160767910223123"]
[EventDate "2009.03.20"]
[EventType "swiss"]
[EventRounds "5"]
[EventCountry "CAN"]
[SourceTitle "EXT 2011"]
[Source "ChessBase"]
[SourceDate "2011.11.26"]
[SourceVersion "1"]
[SourceVersionDate "2011.11.26"]
[SourceQuality "1"]

1. e4 Nf6 2. e5 Nd5 3. Nc3 Nxc3 4. bxc3 d5 5. d4 Bf5 6. Rb1 b6 7. Ba3 Nd7 8. Bb5 e6 9. Bxf8 Kxf8 10. Bc6 Rb8 11. Ne2 Kg8 12. Ng3 Bg6 13. f4 h5 14. f5 exf5 15. O-O Nf8 16. Nxf5 Qg5 17. Qf3 Bxf5 18. Qxf5 Qxf5 19. Rxf5 g6 20. Rf2 Rd8 21. Rb5 a6 22. Rxd5 Ne6 23. Rxd8+ Nxd8 24. Bd5 Kg7 25. h4 Re8 26. Rf6 Re7 27. Kf2 Rd7 28. Bb3 a5 29. Ba4 Re7 30. Ke3 Ne6 31. Ke4 Nd8 32. c4 Nb7 33. Kd5 Nd8 34. c5 bxc5 35. Kxc5 Ne6+ 36. Kd5 c5 37. dxc5 Nxc5 38. Kd6 Re6+ 39. Rxe6 Nxe6 40. c4 g5 41. hxg5 Nf4 42. c5 Nxg2 43. c6 Ne3 44. c7 Nc4+ 45. Kc5 1-0

[Event "Mauricie op"]
[Site "Trois-Rivieres CAN"]
[Date "2009.03.22"]
[Round "4"]
[White "Rainfray, Arnaud"]
[Black "Forget, Luc"]
[Result "1-0"]
[WhiteElo "2393"]
[BlackElo "2013"]
[PlyCount "57"]
[GameId "2160767910223124"]
[EventDate "2009.03.20"]
[EventType "swiss"]
[EventRounds "5"]
[EventCountry "CAN"]
[SourceTitle "EXT 2011"]
[Source "ChessBase"]
[SourceDate "2011.11.26"]
[SourceVersion "1"]
[SourceVersionDate "2011.11.26"]
[SourceQuality "1"]

1. e4 c6 2. c4 d5 3. exd5 cxd5 4. cxd5 Nf6 5. Nc3 g6 6. Bc4 Bg7 7. Nf3 O-O 8. O-O Nbd7 9. d3 Ne8 10. Re1 Nd6 11. Bg5 Bf6 12. Bxf6 exf6 13. Qd2 Kg7 14. Ne4 Ne5 15. Nxe5 fxe5 16. f4 exf4 17. Qxf4 Nxe4 18. dxe4 Qb6+ 19. Qf2 Qxf2+ 20. Kxf2 f6 21. Rac1 Bd7 22. Rc3 Rac8 23. Ke3 Kf7 24. Kd4 Ke7 25. Rf1 b5 26. Bd3 Rxc3 27. bxc3 Rb8 28. Rb1 Rb6 29. Kc5 1-0

[Event "Mauricie op"]
[Site "Trois-Rivieres CAN"]
[Date "2009.03.22"]
[Round "4"]
[White "Ramaswamy, Kishor"]
[Black "Regan, Kenneth"]
[Result "1/2-1/2"]
[WhiteElo "2162"]
[BlackElo "2405"]
[PlyCount "71"]
[GameId "2160767910223125"]
[EventDate "2009.03.20"]
[EventType "swiss"]
[EventRounds "5"]
[EventCountry "CAN"]
[SourceTitle "EXT 2011"]
[Source "ChessBase"]
[SourceDate "2011.11.26"]
[SourceVersion "1"]
[SourceVersionDate "2011.11.26"]
[SourceQuality "1"]

1. d4 Nf6 2. Nf3 b6 3. Bg5 e6 4. Nbd2 Bb7 5. e3 h6 6. Bh4 Be7 7. Bd3 d5 8. Ne5 O-O 9. c3 Nbd7 10. f4 Ne4 11. Bxe7 Qxe7 12. O-O Nxe5 13. fxe5 f5 14. exf6 Nxf6 15. Nf3 Nd7 16. Qe2 e5 17. Nd2 e4 18. Bc2 Qg5 19. Rxf8+ Rxf8 20. Rf1 Ba6 21. Rxf8+ Kxf8 22. Qf2+ Ke7 23. Bd1 Kd8 24. h4 Qf6 25. Nf1 Bxf1 26. Kxf1 Ke7 27. Qxf6+ Nxf6 28. Kf2 Ke6 29. Kg3 Kf5 30. b4 g5 31. hxg5 hxg5 32. Be2 a5 33. a3 Ke6 34. Kh3 Kd6 35. Kg3 c5 36. Bf1 1/2-1/2

[Event "Mauricie op"]
[Site "Trois-Rivieres CAN"]
[Date "2009.03.22"]
[Round "4"]
[White "Torre, Alex"]
[Black "Caceres Cortes, Julio"]
[Result "1-0"]
[WhiteElo "2221"]
[BlackElo "2026"]
[PlyCount "43"]
[GameId "2160767910223126"]
[EventDate "2009.03.20"]
[EventType "swiss"]
[EventRounds "5"]
[EventCountry "CAN"]
[SourceTitle "hb 2009.04"]

1. e4 e5 2. Nf3 Nc6 3. Bb5 a6 4. Ba4 Nf6 5. O-O Nxe4 6. d4 b5 7. Bb3 d5 8. dxe5 Be6 9. c3 Bc5 10. Nbd2 O-O 11. Bc2 Nxf2 12. Rxf2 f6 13. exf6 Bxf2+ 14. Kxf2 Qxf6 15. Kg1 Bg4 16. h3 Bh5 17. Bb3 Rad8 18. Ne4 Qe7 19. Bxd5+ Kh8 20. Bg5 Qd7 21. Bxd8 Ne5 22. Nxe5 1-0

[Event "Mauricie op"]
[Site "Trois-Rivieres CAN"]
[Date "2009.03.22"]
[Round "4"]
[White "Voloaca, Mihnea"]
[Black "Laptos, Krzysztof"]
[Result "0-1"]
[WhiteElo "2346"]
[BlackElo "2181"]
[PlyCount "120"]
[GameId "2160767910223127"]
[EventDate "2009.03.20"]
[EventType "swiss"]
[EventRounds "5"]
[EventCountry "CAN"]
[SourceTitle "EXT 2011"]
[Source "ChessBase"]
[SourceDate "2011.11.26"]
[SourceVersion "1"]
[SourceVersionDate "2011.11.26"]
[SourceQuality "1"]

1. Nf3 d6 2. d4 g6 3. e4 Bg7 4. Bc4 e6 5. Bg5 Ne7 6. Qd2 h6 7. Be3 Nd7 8. Nc3 a6 9. a4 b6 10. h4 Bb7 11. Ba2 Nf6 12. Qd3 Nc6 13. Qd2 Ne7 14. d5 e5 15. Nh2 Bc8 16. f3 Nh5 17. g4 Nf4 18. Bxf4 exf4 19. O-O-O g5 20. Nf1 Ng6 21. hxg5 hxg5 22. Rxh8+ Bxh8 23. Ne2 Bd7 24. Bb3 Qf6 25. c3 b5 26. axb5 axb5 27. Nd4 b4 28. Qe2 bxc3 29. bxc3 Ne5 30. Nd2 Qd8 31. Kb2 Qb8 32. Ra1 Rxa1 33. Kxa1 Qb6 34. Kb2 Qc5 35. Qa6 Ke7 36. Kc2 Ng6 37. Nc6+ Bxc6 38. Qxc6 Qxc6 39. dxc6 Ne5 40. Bd5 Ng6 41. Nf1 Be5 42. Nh2 f6 43. Kd3 Nh4 44. Bb3 Kd8 45. Be6 Ke7 46. Bd7 Kf7 47. Bf5 d5 48. c4 dxe4+ 49. Kxe4 Ke7 50. c5 Bd4 51. Nf1 Bxc5 52. Nd2 Kd6 53. Bd7 f5+ 54. Kd3 Kd5 55. Ke2 Bb4 56. Nb3 Ke5 57. Nc1 Kf6 58. Nd3 Bd6 59. Nb2 Ng6 60. Nc4 Bc5 0-1

[Event "Mauricie op"]
[Site "Trois-Rivieres CAN"]
[Date "2009.03.22"]
[Round "5"]
[White "Forget, Luc"]
[Black "Luksza, Arkadiusz"]
[Result "1/2-1/2"]
[WhiteElo "2013"]
[BlackElo "2188"]
[PlyCount "62"]
[GameId "2160767910223128"]
[EventDate "2009.03.20"]
[EventType "swiss"]
[EventRounds "5"]
[EventCountry "CAN"]
[SourceTitle "hb 2009.04"]

1. d4 d5 2. c4 e5 3. dxe5 d4 4. Nf3 Nc6 5. g3 Nge7 6. Bg2 Ng6 7. O-O Be7 8. Nbd2 Ngxe5 9. Nxe5 Nxe5 10. Nf3 Nxf3+ 11. Bxf3 O-O 12. e3 Bh3 13. Re1 Bb4 14. Bd2 Bxd2 15. Qxd2 Qf6 16. Bh1 Rad8 17. b3 h5 18. e4 Rfe8 19. Qd3 c6 20. Bg2 Bxg2 21. Kxg2 h4 22. Re2 Re6 23. Rae1 Qh6 24. e5 c5 25. f4 g6 26. Re4 Qh5 27. Qf3 Qxf3+ 28. Kxf3 hxg3 29. hxg3 Kg7 30. g4 Rh8 31. Kg3 Kf8 1/2-1/2

[Event "Mauricie op"]
[Site "Trois-Rivieres CAN"]
[Date "2009.03.22"]
[Round "5"]
[White "Jiang, Louie"]
[Black "Hamilton, Robert"]
[Result "1/2-1/2"]
[WhiteElo "2185"]
[BlackElo "2349"]
[PlyCount "126"]
[GameId "2160767910223129"]
[EventDate "2009.03.20"]
[EventType "swiss"]
[EventRounds "5"]
[EventCountry "CAN"]
[SourceTitle "hb 2009.04"]

1. e4 e6 2. d4 d5 3. Nc3 Nf6 4. e5 Nfd7 5. f4 c5 6. Nf3 Nc6 7. Be3 a6 8. Qd2 b5 9. g3 Qb6 10. Bg2 cxd4 11. Nxd4 Nxd4 12. Bxd4 Bc5 13. Rd1 Bxd4 14. Qxd4 Bb7 15. Ne4 Qxd4 16. Nd6+ Ke7 17. Rxd4 Bc6 18. c4 bxc4 19. Nxc4 a5 20. Ne3 Rab8 21. b3 Bb5 22. Kd2 Rhc8 23. Rc1 Rxc1 24. Kxc1 Nc5 25. Kd2 Rc8 26. Nd1 a4 27. b4 Nd7 28. Nc3 Bc4 29. Bf3 a3 30. Be2 Rb8 31. b5 Nb6 32. Bxc4 Nxc4+ 33. Kc2 g5 34. Kb3 gxf4 35. gxf4 Rg8 36. Kb4 Rg2 37. Kc5 Rxh2 38. b6 Rb2 39. Na4 Rb1 40. Nc3 Rb2 41. Na4 Kd7 42. Rd1 Rc2 43. Kb5 Rxa2 44. b7 Kc7 45. Ka6 Rg2 46. Ka7 Rg8 47. Nc5 Na5 48. Na6+ Kd7 49. b8=Q Nc6+ 50. Kb7 Nxb8 51. Nxb8+ Ke7 52. Ra1 Rg3 53. Nc6+ Kf8 54. Nd4 Rd3 55. Nb5 Rf3 56. Rxa3 Rxf4 57. Rb3 Rf5 58. Rh3 Kg8 59. Rh4 Rxe5 60. Kc6 Kg7 61. Rf4 f5 62. Kd6 Kf6 63. Rh4 Re1 1/2-1/2

[Event "Mauricie op"]
[Site "Trois-Rivieres CAN"]
[Date "2009.03.22"]
[Round "5"]
[White "Laptos, Krzysztof"]
[Black "Rainfray, Arnaud"]
[Result "1-0"]
[WhiteElo "2181"]
[BlackElo "2393"]
[PlyCount "123"]
[GameId "2160767910223130"]
[EventDate "2009.03.20"]
[EventType "swiss"]
[EventRounds "5"]
[EventCountry "CAN"]
[SourceTitle "EXT 2011"]
[Source "ChessBase"]
[SourceDate "2011.11.26"]
[SourceVersion "1"]
[SourceVersionDate "2011.11.26"]
[SourceQuality "1"]

1. f4 e5 2. e4 Bc5 3. Nf3 d6 4. Bc4 Nf6 5. Nc3 Nc6 6. d3 a6 7. f5 h6 8. a3 Nd4 9. Nxd4 Bxd4 10. Bd2 c6 11. Qf3 b5 12. Bb3 Bb7 13. O-O-O Bxc3 14. Bxc3 c5 15. g4 Qc7 16. Rhg1 c4 17. dxc4 Nxe4 18. cxb5 Nxc3 19. Qxc3 Qxc3 20. bxc3 Ke7 21. a4 axb5 22. axb5 Bf3 23. Rde1 Ra5 24. c4 Rc8 25. Kd2 f6 26. Ke3 Bb7 27. Ra1 Rca8 28. Rxa5 Rxa5 29. Rd1 Ra3 30. Kd2 Bf3 31. Rg1 Ra8 32. Rg3 Bb7 33. Kc3 Rc8 34. Kb4 Kd7 35. h4 Be4 36. c3 Rc5 37. Bd1 Kc7 38. g5 hxg5 39. hxg5 Bxf5 40. gxf6 gxf6 41. Rg7+ Kb6 42. Be2 Rc7 43. Rxc7 Kxc7 44. c5 d5 45. b6+ Kb7 46. Bb5 d4 47. cxd4 exd4 48. Kc4 d3 49. Kc3 Bc8 50. Kxd3 Bg4 51. Ke4 Be6 52. Kd4 Bf7 53. Kc3 Bd5 54. Kb4 f5 55. Kc3 f4 56. Kd4 Bg2 57. Bd3 Bh3 58. Ke4 Kc6 59. Kd4 Kb7 60. Ke5 Bc8 61. Kd6 Bg4 62. Be4+ 1-0